The Gilded Age Characters Sudden Death - Statistics

General Stats
  • This quiz has been taken 10 times
  • The average score is 8 of 19
Answers on the Grid
Answers color-coded by a green-red scale on the quiz's grid according to % correct below.
Clara Schneider
Marian Brook
Sylvia Chamberlain
Ward McAllister
Cecil Pontefoot
Bertha Russell
Gillian Hollander
Aurora Fane
Peggy Scott
Susan Blane
Alicia Irving
Luke Forte
Emily Roebling
Oliver Bracknell
Gladys Vere
Marcus Heliotrope
Agnes Van Rhijn
Booker T . Washington
Carrie Astor
George Russell
Anne Morris
Jack Trotter
Violet Thorpe
Alfred Bannister
Gwen Wilson
T . Thomas Fortune
Josephine Pond
Enid Winterton
 
Answer Stats
Answer % Correct
Booker T . Washington
67%
Peggy Scott
67%
Ward McAllister
67%
Carrie Astor
56%
George Russell
56%
Marian Brook
56%
Agnes Van Rhijn
44%
Alfred Bannister
44%
Aurora Fane
44%
Bertha Russell
44%
Sylvia Chamberlain
44%
T . Thomas Fortune
44%
Anne Morris
33%
Gladys Vere
33%
Luke Forte
33%
Susan Blane
33%
Emily Roebling
22%
Enid Winterton
22%
Jack Trotter
11%
No matching quizzes found
Score Distribution
Percent of People with Each Score
Percentile by Number Answered
Your Score History
You have not taken this quiz